000
00269nam a2200109Ia 4500
008
190913s9999||||xx |||||||||||||| ||und||
100
_a
Ferrera, Lichtenstein
245
0
_a
Cyber Law text and cases
260
_a
India
_b
Prentice Hall
_c
2000
300
_a
521
942
_c
BK
999
_c
8296
_d
8296